| 000 | 00890nam a22001697a 4500 | ||
|---|---|---|---|
| 008 | 120614t xxu||||| |||| 00| 0 eng d | ||
| 020 | _a0072979542 | ||
| 050 | _aHF5718.Y68 | ||
| 100 | _aYoung, Dona J. | ||
| 245 |
_aFoundations of business communication: an integrative approach. / _cDona J. Young |
||
| 260 |
_aBoston: _bMcGraw Hill, _cc2006. |
||
| 300 |
_axxix, 538 p.: _bill.; _c28cm. |
||
| 500 | _aIncludes index. | ||
| 505 | _aContents: Writing skills -- Communication and the writing process -- What is good business writing? -- Developing and revising short business messages -- Professional communication -- Office communications -- Persuasive communication -- Verbal communication skills -- Global communication and technology -- Applications and careers -- Team communications -- Getting a job -- Communicating on the job. | ||
| 650 | _bBusiness communication | ||
| 942 |
_2lcc _cBK |
||
| 999 |
_c1330 _d8830 |
||